Yo, Adolf Eichmann (Record no. 59113)

MARC details
000 -LEADER
campo de control de longitud fija 00712nam a2200229 i 4500
001 - NÚMERO DE CONTROL
campo de control 59113
003 - IDENTIFICADOR DE NÚMERO DE CONTROL
campo de control ES-MaACL
005 - FECHA Y HORA DE LA ÚLTIMA TRANSACCIÓN
campo de control 20230906163952.0
007 - CAMPO FIJO DE DESCRIPCIÓN FÍSICA--INFORMACIÓN GENERAL
campo de control de longitud fija t|
008 - DATOS DE LONGITUD FIJA--INFORMACIÓN GENERAL
campo de control de longitud fija 031027s1982 sp ||||1| spa d
100 1# - ENTRADA PRINCIPAL--NOMBRE DE PERSONA
Nombre de persona Eichmann, Adolf.
9 (RLIN) 46812
245 10 - MENCIÓN DEL TÍTULO
Título Yo, Adolf Eichmann
Resto del título : un testimonio histórico /
Mención de responsabilidad, etc. Adolf Eichmann ; recopilado por Rudolf Aschenauer ; [traducción por G. Raebel].
250 ## - MENCION DE EDICION
Mención de edición [1ª ed.].
260 ## - PUBLICACIÓN, DISTRIBUCIÓN, ETC.
Lugar de publicación, distribución, etc. [Barcelona] :
Nombre del editor, distribuidor, etc. Planeta,
Fecha de publicación, distribución, etc. [1982]
300 ## - DESCRIPCIÓN FÍSICA
Extensión 468 p. ;
Dimensiones 21 cm.
490 1# - MENCIÓN DE SERIE
Mención de serie Documento ;
Designación de volumen o secuencia 80
700 1# - ENTRADA AGREGADA--NOMBRE PERSONAL
Nombre de persona Aschenauer, Rudolf.
9 (RLIN) 23540
700 1# - ENTRADA AGREGADA--NOMBRE PERSONAL
Nombre de persona Raebel, G.
9 (RLIN) 94944
830 0# - PUNTO DE ACCESO ADICIONAL DE SERIE-TÍTULO UNIFORME
Título uniforme Documento ;
Designación de volumen o secuencia 80
9 (RLIN) 177347
852 ## - LOCALIZACIÓN
Ubicación ES-MaACL
Número de control de estantería L-2650
Sublocalización o colección R.103630
Holdings
Estatus retirado Estado de pérdida Estado de daño No para préstamo Biblioteca de origen Biblioteca actual Ubicación en estantería Fecha de adquisición Fuente de adquisición Total de préstamos Signatura topográfica completa Código de barras Visto por última vez Precio de reemplazo Tipo de ítem Koha
        Biblioteca del Ateneo de Madrid Biblioteca del Ateneo de Madrid Depósito 2 17/01/2008     L-2650 1062010 23/02/2023 23/02/2023 Libro impreso